| Tag |
First Indicator |
Second Indicator |
Subfields |
| LEADER |
00000cam a2200000 4500 |
| 001 |
in00000050208 |
| 005 |
20151007065822.0 |
| 008 |
750602s1932 nyu 00000 eng u |
| 010 |
|
|
|a 32002650
|
| 035 |
|
|
|a (OCoLC)01367572
|
| 035 |
|
|
|9 AAE2743AM
|
| 040 |
|
|
|c GAT
|d TXA
|d UtOrBLW
|
| 049 |
|
|
|a TXAM
|c [87609]
|
| 050 |
0 |
0 |
|a QB145
|b .N3
|
| 082 |
0 |
|
|a 522
|
| 092 |
|
|
|a 522
|b N266t
|
| 100 |
1 |
|
|a Nassau, Jason John,
|d 1893-1965.
|
| 245 |
1 |
2 |
|a A textbook of practical astronomy :
|b primarily for engineering students /
|c by Jason John Nassau ...
|
| 250 |
|
|
|a 1st ed.
|
| 264 |
|
1 |
|a New York,
|a London :
|b McGraw-Hill,
|c 1932.
|
| 300 |
|
|
|a x, 226 pages :
|b illustrations, diagrams ;
|c 24 cm.
|
| 336 |
|
|
|a text
|b txt
|2 rdacontent
|
| 337 |
|
|
|a unmediated
|b n
|2 rdamedia
|
| 338 |
|
|
|a volume
|b nc
|2 rdacarrier
|
| 490 |
1 |
|
|a McGraw-Hill astronomical series
|
| 650 |
|
0 |
|a Spherical astronomy.
|
| 830 |
|
0 |
|a McGraw-Hill astronomical series.
|
| 999 |
|
|
|a MARS
|
| 999 |
f |
f |
|s 2cc8adce-b624-334b-bd8b-6d1eded41f1b
|i ac0427bb-9273-3d2c-b4cd-8590efd4ae25
|t 0
|
| 952 |
f |
f |
|p ric
|a Texas A&M University
|b Rellis Campus
|c Joint Library Facility
|d Remote Storage
|t 0
|e QB145 .N3
|h Library of Congress classification
|i unmediated -- volume
|m A14800899244
|
| 998 |
f |
f |
|a QB145 .N3
|t 0
|l Remote Storage
|